Correspondance système métrique / unités anglo-saxonnes - Statistiques

Statistiques générales
  • Ce quiz a été pris 88 fois
  • Le résultat moyen est 8 sur 20
Statistiques - réponses
Mesure en système métrique Unité anglo-saxonne % Correct
2,54 cm pouce
93%
1,609 344 km mile
91%
30,48 cm pied
91%
0,453 592 37 kg livre
57%
91,44 cm yard
57%
4,5425 litres gallon (UK)
51%
3,78 litres gallon (US)
51%
(°C x 1,8) + 32 degré Fahrenheit
47%
28,349 g once avoirdupois
45%
28,391 millilitres once fluide (UK)
45%
29,574 millilitres once fluide (US)
45%
0,5678 litre pinte liquide (UK)
20%
0,4732 litre pinte liquide (US)
20%
2,59 km2 mile carré
12%
929,0304 cm2 pied carré
12%
40,4686 dam2 acre
9%
159 litres baril (US)
9%
6,350 293 18 kg stone
5%
16,387 064 cm3 pouce cube
4%
907,184 74 kg tonne courte
0%
Aucun quiz correspondant
Distribution des résultats
% des personnes avec chaque résultat
Percentile par nombre de réponses
Votre historique - résultats
Vous n’avez pas pris ce quiz